Clip art image gallery : (Record no. 44947)
[ view plain ]
| 000 -LEADER | |
|---|---|
| fixed length control field | 01107cam a2200229 a 4500 |
| 001 - CONTROL NUMBER | |
| control field | vtls003030669 |
| 003 - CONTROL NUMBER IDENTIFIER | |
| control field | MY-SjTCS |
| 005 - DATE AND TIME OF LATEST TRANSACTION | |
| control field | 20200306163734.0 |
| 008 - FIXED-LENGTH DATA ELEMENTS--GENERAL INFORMATION | |
| fixed length control field | 110218s2005 nyuaoc c 000 0 eng d |
| 020 ## - INTERNATIONAL STANDARD BOOK NUMBER | |
| International Standard Book Number | 0764178288 |
| 039 #9 - LEVEL OF BIBLIOGRAPHIC CONTROL AND CODING DETAIL [OBSOLETE] | |
| Level of rules in bibliographic description | 201102181459 |
| Level of effort used to assign nonsubject heading access points | VLOAD |
| Level of effort used to assign subject headings | 200811241810 |
| Level of effort used to assign classification | VLOAD |
| Level of effort used to assign subject headings | 200610041713 |
| Level of effort used to assign classification | pushpa |
| -- | 200609210926 |
| -- | fadilah |
| 082 04 - DEWEY DECIMAL CLASSIFICATION NUMBER | |
| Classification number | 778.92 |
| Item number | TAY |
| 100 1# - MAIN ENTRY--PERSONAL NAME | |
| Personal name | Taylor-Haw, Calvey |
| 9 (RLIN) | 238826 |
| 245 10 - TITLE STATEMENT | |
| Title | Clip art image gallery : |
| Remainder of title | 500 model poses : the ultimate library of professional-quality photo poses, all on white backgrounds with clipping masks / |
| Statement of responsibility, etc. | Calvey Taylor-Haw. |
| 260 ## - PUBLICATION, DISTRIBUTION, ETC. | |
| Place of publication, distribution, etc. | Hauppauge, NY : |
| Name of publisher, distributor, etc. | Barron's, |
| Date of publication, distribution, etc. | c2005 |
| 300 ## - PHYSICAL DESCRIPTION | |
| Extent | 528 p. : |
| Other physical details | col. ill. ; |
| Dimensions | 21 cm. + |
| Accompanying material | 1 CD-ROM (4 3/4 in.) |
| 505 0# - FORMATTED CONTENTS NOTE | |
| Formatted contents note | File formats - Metadata search - Masks and paths - Clipping paths - Location, location, location - Fabulous fashion? - Runarounds - Adding to images - Holding hands - Perfect presentations - Licences agreement. |
| 650 #0 - SUBJECT ADDED ENTRY--TOPICAL TERM | |
| Topical term or geographic name entry element | Clip art |
| Form subdivision | Catalogs |
| 9 (RLIN) | 238827 |
| 650 #0 - SUBJECT ADDED ENTRY--TOPICAL TERM | |
| Topical term or geographic name entry element | Stock photography |
| Form subdivision | Catalogs. |
| 9 (RLIN) | 22698 |
| 650 #0 - SUBJECT ADDED ENTRY--TOPICAL TERM | |
| Topical term or geographic name entry element | Portrait photography |
| General subdivision | Posing. |
| 9 (RLIN) | 22699 |
| 920 ## - Programme | |
| Programme | MCS(USM): 202857, CD200265 |
| Withdrawn status | Lost status | Source of classification or shelving scheme | Damaged status | Not for loan | Home library | Current library | Date acquired | Total Checkouts | Barcode | Date last seen | Date last checked out | Copy number | Koha item type | Public note | Uniform Resource Identifier |
|---|---|---|---|---|---|---|---|---|---|---|---|---|---|---|---|
| Dewey Decimal Classification | Taylor's Library-TU | Taylor's Library-TU | 21/09/2006 | 6 | 1001004790 | 05/12/2019 | 20/04/2010 | 1 | Accompanying Material (Media Resource) | SOMAC,09030,02,CL | |||||
| Withdrawn | Dewey Decimal Classification | Taylor's Library-TU | Taylor's Library-TU | 21/09/2006 | 2 | 1001004787 | 05/12/2019 | 20/04/2010 | 1 | Main Collection | SOMAC,09030,02,CL | Floor 4, Shelf 32 , Side 2, TierNo 4, BayNo 8 |